000 00945nam a2200289Ia 4500
003 CO-BoRNBP
005 20230316223448.0
007 ta
008 141031s9999 xx 000 0 und d
020 _a9789588061771
040 _aCO-BoRNBP
_bspa
_erda
_cCO-BoRNBP
084 _aN MON6
100 1 0 _aMontaña Ibáñez, Francisco Antonio
_d1966-
_9363
245 1 0 _aBajo el cerezo
_cFrancisco Montaña ; ilustraciones de Patricia Acosta
250 _a1a ed., 12a reimpr.
264 _aBogotá
_bAlfaguara
_c2013
300 _a125 páginas
_bilustración
336 _atexto
_btxt
_2rdacontent
337 _asin mediación
_bn
_2rdamedia
338 _avolumen
_bnc
_2rdacarrier
650 1 4 _a Adolescencia en la literatura
_2LEMB
_9369
650 1 4 _a Amor adolescente
_2LEMB
_9370
650 1 4 _a Conflictos juveniles
_2LEMB
_9371
650 1 4 _a Literatura juvenil colombiana
_2LEMB
_9372
700 1 0 _aAcosta, Patricia
_9373
942 _cBK
_2ddc
999 _c3149
_d3149